Quiz o Andrzeju Szczepańskim (polityk) - Statystyki

Ogólne statystyki
  • Ten quiz został rozwiązany 3 razy
  • Średni wynik to 8 z 10
Statystyki odpowiedzi
Wskazówka Odpowiedź % Poprawnych
Rok narodzin 1947
100%
Śp. A. Szczepański był senatorem której kadencji? III
100%
Zasiadał w radzie nadzorczej radia, które ma siedzibę w mieście, będącym dawną siedzibą województwa (Pomorze). Jakie to miasto? Koszalin
100%
Popularny sport, z którym był on związany Piłka nożna
100%
Partia, do której dołączył w 1968r. Polska Zjednoczona Partia Robotnicza
100%
Miasto, w którym Szczepański zmarł, dawna siedziba województwa, w którym był wojewodą Słupsk
100%
Z ramienia tej partii był senatorem Sojusz Lewicy Demokratycznej
100%
Miasto, w którym się urodzin, pełnił w nim wiele wysokich urzędów Człuchów
50%
Został odznaczony tym Krzyżem Oficerskim w 1997r. Order Odrodzenia Polski
0%
W latach 2009-2012 był prezesem tej instytucji Pomorski Związek Piłki Nożnej
0%
Nie znaleziono quizów pasujących do podanych kryteriów
Rozkład punktacji
Procent ludzi z każdym wynikiem
Percentyl według liczby udzielonych odpowiedzi
Twoja historia wyników
Nie rozwiązałeś tego quizu